Statistics for Common PLU codes

Click here to take the quiz!

General Stats

  • This quiz has been taken 93 times
    (90 since last reset)
  • The average score is 4 of 16

Answer Stats

HintAnswer% Correct
4011Banana
98%
4080Asparagus
54%
4060Broccoli
53%
4062Cucumber
29%
4030Kiwi
27%
4032Watermelon
27%
4017Granny Smith Apple
25%
4022Green Grapes
25%
4023Red Grapes
25%
4040Plum
20%
4135Gala Apple
15%
4078Yellow Corn
12%
4450Clementine
5%
4025Avocado
3%
4026Bosc Pear
3%
4050Cantaloupe
3%

Score Distribution

Percentile by Number Answered

Percent of People with Each Score

Your Score History

You have not taken this quiz since the last reset